000 00513nam a2200181Ia 4500
005 20250508151621.0
008 008 250505s9999 xx 000 0 eng d
037 _aTextual
040 _aFEDL
_beng
_cFEDL
041 _aeng
_2eng
084 _a880.7, BOL
_qFEDL
100 _aBolgar R R
_9132954
245 0 _aClassical heritage and its benficiaries
260 _aCambridge
_bCambridge University Press
_c1954
300 _avii,591p.
942 _cTEXL
_h880.7, BOL
999 _c1330956
_d1330956